<?xml version="1.0" encoding="UTF-8"?>
<record
    xmlns:xsi="http://www.w3.org/2001/XMLSchema-instance"
    xsi:schemaLocation="http://www.loc.gov/MARC21/slim http://www.loc.gov/standards/marcxml/schema/MARC21slim.xsd"
    xmlns="http://www.loc.gov/MARC21/slim">

  <leader>00499    a2200193   4500</leader>
  <datafield tag="999" ind1=" " ind2=" ">
    <subfield code="c">31986</subfield>
    <subfield code="d">31986</subfield>
  </datafield>
  <controlfield tag="003">OSt</controlfield>
  <controlfield tag="005">20260205130158.0</controlfield>
  <controlfield tag="008">260205b           ||||| |||| 00| 0 eng d</controlfield>
  <datafield tag="020" ind1=" " ind2=" ">
    <subfield code="a">978-81-8014-155-3</subfield>
  </datafield>
  <datafield tag="040" ind1=" " ind2=" ">
    <subfield code="c">.</subfield>
  </datafield>
  <datafield tag="082" ind1=" " ind2=" ">
    <subfield code="a">604.2</subfield>
    <subfield code="b">S5313</subfield>
  </datafield>
  <datafield tag="100" ind1=" " ind2=" ">
    <subfield code="9">6548</subfield>
    <subfield code="a">Sharma, S. C.</subfield>
  </datafield>
  <datafield tag="245" ind1=" " ind2=" ">
    <subfield code="a">Machine Drawing /</subfield>
    <subfield code="c">by S. C. Sharma</subfield>
  </datafield>
  <datafield tag="250" ind1=" " ind2=" ">
    <subfield code="a">2nd ed.</subfield>
  </datafield>
  <datafield tag="260" ind1=" " ind2=" ">
    <subfield code="b">Standard Publishers Distributors,</subfield>
    <subfield code="a">New Delhi :</subfield>
    <subfield code="c">2012.</subfield>
  </datafield>
  <datafield tag="300" ind1=" " ind2=" ">
    <subfield code="a">736 p.</subfield>
  </datafield>
  <datafield tag="650" ind1=" " ind2="0">
    <subfield code="9">975</subfield>
    <subfield code="a">Machine Drawing</subfield>
  </datafield>
  <datafield tag="942" ind1=" " ind2=" ">
    <subfield code="2">ddc</subfield>
    <subfield code="c">BK</subfield>
  </datafield>
  <datafield tag="952" ind1=" " ind2=" ">
    <subfield code="0">0</subfield>
    <subfield code="1">0</subfield>
    <subfield code="2">ddc</subfield>
    <subfield code="4">0</subfield>
    <subfield code="7">0</subfield>
    <subfield code="8">NFIC</subfield>
    <subfield code="a">CL</subfield>
    <subfield code="b">CL</subfield>
    <subfield code="c">REF</subfield>
    <subfield code="d">2026-02-23</subfield>
    <subfield code="e">2</subfield>
    <subfield code="g">256.75</subfield>
    <subfield code="o">604.2 S5313</subfield>
    <subfield code="p">14686</subfield>
    <subfield code="r">2026-02-23</subfield>
    <subfield code="v">325.00</subfield>
    <subfield code="w">2026-02-23</subfield>
    <subfield code="y">BK</subfield>
  </datafield>
  <datafield tag="952" ind1=" " ind2=" ">
    <subfield code="0">0</subfield>
    <subfield code="1">0</subfield>
    <subfield code="2">ddc</subfield>
    <subfield code="4">0</subfield>
    <subfield code="7">0</subfield>
    <subfield code="8">NFIC</subfield>
    <subfield code="a">CL</subfield>
    <subfield code="b">CL</subfield>
    <subfield code="d">2026-02-23</subfield>
    <subfield code="e">2</subfield>
    <subfield code="g">256.75</subfield>
    <subfield code="o">604.2 S5313</subfield>
    <subfield code="p">14687</subfield>
    <subfield code="r">2026-02-23</subfield>
    <subfield code="v">325.00</subfield>
    <subfield code="w">2026-02-23</subfield>
    <subfield code="y">BK</subfield>
  </datafield>
  <datafield tag="952" ind1=" " ind2=" ">
    <subfield code="0">0</subfield>
    <subfield code="1">0</subfield>
    <subfield code="2">ddc</subfield>
    <subfield code="4">0</subfield>
    <subfield code="7">0</subfield>
    <subfield code="8">NFIC</subfield>
    <subfield code="a">CL</subfield>
    <subfield code="b">CL</subfield>
    <subfield code="d">2026-02-23</subfield>
    <subfield code="e">2</subfield>
    <subfield code="g">256.75</subfield>
    <subfield code="o">604.2 S5313</subfield>
    <subfield code="p">14688</subfield>
    <subfield code="r">2026-02-23</subfield>
    <subfield code="v">325.00</subfield>
    <subfield code="w">2026-02-23</subfield>
    <subfield code="y">BK</subfield>
  </datafield>
  <datafield tag="952" ind1=" " ind2=" ">
    <subfield code="0">0</subfield>
    <subfield code="1">0</subfield>
    <subfield code="2">ddc</subfield>
    <subfield code="4">0</subfield>
    <subfield code="7">0</subfield>
    <subfield code="8">NFIC</subfield>
    <subfield code="a">CL</subfield>
    <subfield code="b">CL</subfield>
    <subfield code="d">2026-02-23</subfield>
    <subfield code="e">2</subfield>
    <subfield code="g">256.75</subfield>
    <subfield code="o">604.2 S5313</subfield>
    <subfield code="p">14689</subfield>
    <subfield code="r">2026-02-23</subfield>
    <subfield code="v">325.00</subfield>
    <subfield code="w">2026-02-23</subfield>
    <subfield code="y">BK</subfield>
  </datafield>
  <datafield tag="952" ind1=" " ind2=" ">
    <subfield code="0">0</subfield>
    <subfield code="1">0</subfield>
    <subfield code="2">ddc</subfield>
    <subfield code="4">0</subfield>
    <subfield code="7">0</subfield>
    <subfield code="8">NFIC</subfield>
    <subfield code="a">CL</subfield>
    <subfield code="b">CL</subfield>
    <subfield code="d">2026-02-23</subfield>
    <subfield code="e">2</subfield>
    <subfield code="g">256.75</subfield>
    <subfield code="o">604.2 S5313</subfield>
    <subfield code="p">14690</subfield>
    <subfield code="r">2026-02-23</subfield>
    <subfield code="v">325.00</subfield>
    <subfield code="w">2026-02-23</subfield>
    <subfield code="y">BK</subfield>
  </datafield>
  <datafield tag="952" ind1=" " ind2=" ">
    <subfield code="0">0</subfield>
    <subfield code="1">0</subfield>
    <subfield code="2">ddc</subfield>
    <subfield code="4">0</subfield>
    <subfield code="7">0</subfield>
    <subfield code="8">NFIC</subfield>
    <subfield code="a">CL</subfield>
    <subfield code="b">CL</subfield>
    <subfield code="d">2026-02-23</subfield>
    <subfield code="e">2</subfield>
    <subfield code="g">256.75</subfield>
    <subfield code="o">604.2 S5313</subfield>
    <subfield code="p">14691</subfield>
    <subfield code="r">2026-02-23</subfield>
    <subfield code="v">325.00</subfield>
    <subfield code="w">2026-02-23</subfield>
    <subfield code="y">BK</subfield>
  </datafield>
  <datafield tag="952" ind1=" " ind2=" ">
    <subfield code="0">0</subfield>
    <subfield code="1">0</subfield>
    <subfield code="2">ddc</subfield>
    <subfield code="4">0</subfield>
    <subfield code="7">0</subfield>
    <subfield code="8">NFIC</subfield>
    <subfield code="a">CL</subfield>
    <subfield code="b">CL</subfield>
    <subfield code="d">2026-02-23</subfield>
    <subfield code="e">2</subfield>
    <subfield code="g">256.75</subfield>
    <subfield code="o">604.2 S5313</subfield>
    <subfield code="p">14692</subfield>
    <subfield code="r">2026-02-23</subfield>
    <subfield code="v">325.00</subfield>
    <subfield code="w">2026-02-23</subfield>
    <subfield code="y">BK</subfield>
  </datafield>
  <datafield tag="952" ind1=" " ind2=" ">
    <subfield code="0">0</subfield>
    <subfield code="1">0</subfield>
    <subfield code="2">ddc</subfield>
    <subfield code="4">0</subfield>
    <subfield code="7">0</subfield>
    <subfield code="8">NFIC</subfield>
    <subfield code="a">CL</subfield>
    <subfield code="b">CL</subfield>
    <subfield code="d">2026-02-23</subfield>
    <subfield code="e">2</subfield>
    <subfield code="g">256.75</subfield>
    <subfield code="l">1</subfield>
    <subfield code="o">604.2 S5313</subfield>
    <subfield code="p">14693</subfield>
    <subfield code="r">2026-04-23</subfield>
    <subfield code="s">2026-04-17</subfield>
    <subfield code="v">325.00</subfield>
    <subfield code="w">2026-02-23</subfield>
    <subfield code="y">BK</subfield>
  </datafield>
  <datafield tag="952" ind1=" " ind2=" ">
    <subfield code="0">0</subfield>
    <subfield code="1">0</subfield>
    <subfield code="2">ddc</subfield>
    <subfield code="4">0</subfield>
    <subfield code="7">0</subfield>
    <subfield code="8">NFIC</subfield>
    <subfield code="a">CL</subfield>
    <subfield code="b">CL</subfield>
    <subfield code="d">2026-02-23</subfield>
    <subfield code="e">2</subfield>
    <subfield code="g">256.75</subfield>
    <subfield code="o">604.2 S5313</subfield>
    <subfield code="p">14694</subfield>
    <subfield code="r">2026-02-23</subfield>
    <subfield code="v">325.00</subfield>
    <subfield code="w">2026-02-23</subfield>
    <subfield code="y">BK</subfield>
  </datafield>
  <datafield tag="952" ind1=" " ind2=" ">
    <subfield code="0">0</subfield>
    <subfield code="1">0</subfield>
    <subfield code="2">ddc</subfield>
    <subfield code="4">0</subfield>
    <subfield code="7">0</subfield>
    <subfield code="8">NFIC</subfield>
    <subfield code="a">CL</subfield>
    <subfield code="b">CL</subfield>
    <subfield code="d">2026-02-23</subfield>
    <subfield code="e">2</subfield>
    <subfield code="g">256.75</subfield>
    <subfield code="o">604.2 S5313</subfield>
    <subfield code="p">14695</subfield>
    <subfield code="r">2026-02-23</subfield>
    <subfield code="v">325.00</subfield>
    <subfield code="w">2026-02-23</subfield>
    <subfield code="y">BK</subfield>
  </datafield>
</record>
